La casa della famiglia Funzione, situazioni, persone

Bibliographic Details
Main Author: Costantino, Domenico
Format: eBook
Language:Italian
Published: Bari : Cacucci Editore, 2007
Subjects:
Online Access:http://www.vlex.com/source/11195

MARC

LEADER 00000nam a22000007a 4500
005 20130430153002.0
007 cr|||| ||||
008 130430e2007 it |||||s|||| 00||0 ita d
020 |a 9788884226556 
035 |a 11195 
040 |a vLex 
090 |c 4226  |d 4226 
100 1 0 |a Costantino, Domenico 
245 1 3 |a La casa della famiglia  |b Funzione, situazioni, persone  |c / Domenico Costantino   |h [Recurso electrn̤ico] 
256 |a Servicio en ln̕ea 
260 |a Bari :  |b Cacucci Editore,   |c 2007  
300 |a 1 Recurso electrn̤ico 
506 |d vLex Global  |d vLex Global (Academic Edition, excluding Law Schools)  |d vLex Global (U.S. Academic Edition, Law Schools)  |d vLex Global (U.S. Academic Edition, excluding Law Schools)  |d vLex Global (Academic Edition, Law Schools) 
650 0 4 |a Derecho civil  |z Italia 
650 0 4 |a Familia y sucesiones  |z Italia 
650 0 4 |a Matrimonio  |z Italia 
740 |a vLex Libros (Servicio en ln̕ea) 
856 |a Acceso restringido  |u http://www.vlex.com/source/11195 
942 |c BOOK 
999 0 |a Civil law